00763nam a2200193 a 450000100100000000500170001000800410002704000250006824501130009324600280020625000110023426000590024530000210030449000300032570000560035583000360041195201050044799900170055200003667520200930075851.0120124s1971 cl 000 0 spa d aDO-SdBNPbspacBNPHU03aEl cancionero de Antioquia :bde la tierra colombiana /cColeccionado y anotado por Antonio José Restrepo.14aDe la tierra colombiana a5a ed. aColombia :bHeredero de Benigno A. Gutiérrez,c1971. a419 p. ;c22 cm.1 aBolsilibros Bedout ;v10012aRestrepo, Antonio José,d1855-1933,ecomp.962954 0aBolsilibros Bedout ;v10093750 001050718MOaGRbGRcCTd2012-01-24iLF1l0o p36675-10r2020-06-25w2020-06-25y1ZNo se presta c36166d36166